[Event "Muenster op-A 39th"]
[Site "Muenster"]
[Date "2022.10.06"]
[Round "7"]
[White "Torres Kuckel, Rafael"]
[Black "Holtel, Jasper"]
[Result "1/2-1/2"]
[WhiteElo "2096"]
[BlackElo "2413"]
[PlyCount "61"]
[EventDate "2022.10.01"]
[EventType "swiss"]
[EventRounds "9"]
[EventCountry "GER"]
[SourceTitle "EXT 2023"]
[Source "ChessBase"]
[SourceDate "2022.10.05"]
[SourceVersion "1"]
[SourceVersionDate "2022.10.05"]
[SourceQuality "1"]

1. Nf3 c5 2. c4 Nc6 3. d4 cxd4 4. Nxd4 Nf6 5. Nc3 e6 6. g3 Qb6 7. e3 d5 8. cxd5 Nxd5 9. Nxd5 exd5 10. a3 Be7 11. Bg2 0-0 12. 0-0 Rd8 13. b3 Nxd4 14. exd4 Be6 15. Re1 Bf6 16. Be3 g6 17. b4 Rdc8 18. Qd2 Rc6 19. Rac1 Rxc1 20. Rxc1 a5 21. h4 h5 22. Rc5 axb4 23. Qxb4 Qxb4 24. axb4 b6 25. Rc6 Rb8 26. Kh2 Be7 27. Bd2 Kf8 28. Bf1 Bd7 29. Rc7 Ke8 30. Bg2 Be6 31. Bf1 1/2-1/2

[Event "Muenster op-A 39th"]
[Site "Muenster"]
[Date "2022.10.05"]
[Round "6"]
[White "Panjer, Sidney"]
[Black "Torres Kuckel, Rafael"]
[Result "1/2-1/2"]
[WhiteElo "2197"]
[BlackElo "2096"]
[PlyCount "51"]
[EventDate "2022.10.01"]
[EventType "swiss"]
[EventRounds "9"]
[EventCountry "GER"]
[SourceTitle "EXT 2023"]
[Source "ChessBase"]
[SourceDate "2022.10.05"]
[SourceVersion "1"]
[SourceVersionDate "2022.10.05"]
[SourceQuality "1"]

1. Nf3 d5 2. d4 Nf6 3. c4 e6 4. g3 Be7 5. Bg2 0-0 6. Qc2 b6 7. 0-0 Bb7 8. Rd1 Nbd7 9. Ne5 c5 10. Nxd7 Qxd7 11. dxc5 bxc5 12. cxd5 exd5 13. Bg5 Rac8 14. Nc3 d4 15. Bxb7 Qxb7 16. Bxf6 Bxf6 17. Ne4 Be7 18. Nd2 Rfe8 19. Nc4 h5 20. h4 Bf8 21. Rac1 Re6 22. Qd3 g6 23. Rc2 Rce8 24. b3 Qe7 25. Re1 Qc7 26. Qf3 1/2-1/2

[Event "Dortmund Sparkassen op 47th"]
[Site "Dortmund"]
[Date "2019.07.18"]
[Round "6"]
[White "Koschetzki, Christian"]
[Black "Torres Kuckel, Rafael"]
[Result "0-1"]
[WhiteElo "1987"]
[BlackElo "2152"]
[PlyCount "62"]
[EventDate "2019.07.13"]
[EventType "swiss"]
[EventRounds "9"]
[EventCountry "GER"]
[SourceTitle "EXT 2020"]
[Source "ChessBase"]
[SourceDate "2019.10.17"]
[SourceVersion "1"]
[SourceVersionDate "2019.10.17"]
[SourceQuality "1"]

1. d4 Nf6 2. Nf3 g6 3. g3 Bg7 4. Bg2 0-0 5. 0-0 d6 6. c4 Nbd7 7. Nc3 e5 8. dxe5 dxe5 9. Qc2 c6 10. b3 Re8 11. Ng5 Nc5 12. Be3 Bf5 13. Nce4 Ncxe4 14. Nxe4 Kh8 15. Rad1 Qc7 16. f3 Rad8 17. Rxd8 Rxd8 18. Rd1 Rxd1+ 19. Qxd1 Bxe4 20. fxe4 Ng4 21. Bxa7 c5 22. Qd5 Bf8 23. b4 Nf6 24. Qd2 b6 25. Bxb6 Qxb6 26. b5 Bd6 27. Bf3 Kg7 28. a4 Bc7 29. Qe3 Qd6 30. Qb3 Ba5 31. Kg2 Nd7 0-1

[Event "Ruhrgebiet Verbandsliga Gruppe 1 1819"]
[Site "Nordrheinwestfalen"]
[Date "2018.12.02"]
[Round "4.2"]
[White "Torres Kuckel, Rafael"]
[Black "Kordonowski, Frank"]
[Result "1-0"]
[WhiteElo "2105"]
[BlackElo "2002"]
[PlyCount "67"]
[EventDate "2018.09.23"]
[EventType "team-tourn"]
[EventRounds "9"]
[EventCountry "GER"]
[SourceTitle "EXT 2022"]
[Source "ChessBase"]
[SourceDate "2021.10.06"]
[SourceVersion "1"]
[SourceVersionDate "2021.10.06"]
[SourceQuality "1"]
[WhiteTeam "Ahlen SV"]
[BlackTeam "Altenessen"]
[WhiteTeamCountry "GER"]
[BlackTeamCountry "GER"]

1. d4 Nf6 2. Nf3 d6 3. Bf4 Bg4 4. e3 Nbd7 5. Be2 h6 6. h3 Bf5 7. Nc3 c6 8. Bd3 Bxd3 9. Qxd3 Qa5 10. e4 e6 11. 0-0-0 Be7 12. Kb1 d5 13. Ne5 Nxe5 14. Bxe5 a6 15. g4 b5 16. Bxf6 Bxf6 17. e5 Be7 18. f4 b4 19. Ne2 Qb5 20. Qf3 c5 21. dxc5 Bxc5 22. f5 Ra7 23. Nf4 0-0 24. h4 Qc4 25. Rde1 Bd4 26. g5 Rc8 27. Rh2 exf5 28. gxh6 g6 29. h5 g5 30. Nxd5 Rc5 31. Nf6+ Kf8 32. h7 Kg7 33. h8Q+ Kxh8 34. Qxf5 1-0

[Event "Ruhrgebiet Regionalliga 1718"]
[Site "Germany"]
[Date "2018.01.21"]
[Round "5.2"]
[White "Torres Kuckel, Rafael"]
[Black "Waldschmidt, Georg"]
[Result "0-1"]
[WhiteElo "2070"]
[BlackElo "2209"]
[PlyCount "106"]
[EventDate "2017.10.01"]
[EventType "team-tourn"]
[EventRounds "9"]
[EventCountry "GER"]
[SourceTitle "EXT 2022"]
[Source "ChessBase"]
[SourceDate "2021.10.06"]
[SourceVersion "1"]
[SourceVersionDate "2021.10.06"]
[SourceQuality "1"]
[WhiteTeam "Ahlen SV"]
[BlackTeam "Sodingen/Castrop SK"]
[WhiteTeamCountry "GER"]
[BlackTeamCountry "GER"]

1. e4 c5 2. Nf3 e6 3. d4 cxd4 4. Nxd4 Nf6 5. Nc3 Nc6 6. Nb3 d6 7. Be2 Be7 8. 0-0 0-0 9. Kh1 a6 10. a4 b6 11. f4 Bb7 12. Bf3 Qc7 13. Be3 Rfe8 14. Qe2 Rab8 15. g4 Bf8 16. g5 Nd7 17. Rae1 Nb4 18. Qg2 g6 19. Qd2 Rbc8 20. Bg2 Bg7 21. Nd4 e5 22. Nf3 exf4 23. Bxf4 Ne5 24. Nxe5 Bxe5 25. Bxe5 Rxe5 26. Rf6 Rd8 27. Ref1 Rd7 28. Bh3 Rde7 29. Qxd6 Qxd6 30. Rxd6 Rxg5 31. Rxb6 Nxc2 32. Nd5 Bxd5 33. exd5 Rxd5 34. Rxa6 Rd2 35. Bg4 Ne3 36. Ra8+ Kg7 37. Re1 Rxb2 38. Bf3 Ra2 39. a5 f5 40. a6 Kf6 41. Bb7 Kg5 42. Rc8 f4 43. Rcc1 Re5 44. Rc7 h5 45. Rf7 Rf5 46. Rxf5+ Kxf5 47. h4 Kg4 48. Rg1+ Kh3 49. Bc8+ Ng4 50. Rf1 Kxh4 51. Rxf4 Kg3 52. Rf1 Rh2+ 53. Kg1 Rg2+ 0-1

[Event "Ruhrgebiet Regionalliga 1718"]
[Site "Germany"]
[Date "2017.10.22"]
[Round "2.2"]
[White "Baerwolf, Steven"]
[Black "Torres Kuckel, Rafael"]
[Result "0-1"]
[WhiteElo "2175"]
[BlackElo "2097"]
[PlyCount "82"]
[EventDate "2017.10.01"]
[EventType "team-tourn"]
[EventRounds "9"]
[EventCountry "GER"]
[SourceTitle "EXT 2022"]
[Source "ChessBase"]
[SourceDate "2021.10.06"]
[SourceVersion "1"]
[SourceVersionDate "2021.10.06"]
[SourceQuality "1"]
[WhiteTeam "Horst Emscher"]
[BlackTeam "Ahlen SV"]
[WhiteTeamCountry "GER"]
[BlackTeamCountry "GER"]

1. Nf3 Nf6 2. g3 g6 3. Bg2 Bg7 4. 0-0 0-0 5. d3 d5 6. Nbd2 c5 7. e4 Nc6 8. exd5 Nxd5 9. Re1 b6 10. Nc4 Bb7 11. c3 Rc8 12. Ne3 Nxe3 13. fxe3 e5 14. d4 e4 15. Nd2 f5 16. Nf1 h5 17. b3 Ne7 18. Bb2 Nd5 19. Rc1 Qe7 20. Qe2 Rfd8 21. a3 Rd7 22. c4 Nf6 23. h3 Rcd8 24. d5 Ba6 25. Qf2 b5 26. Qc2 bxc4 27. bxc4 Rb8 28. Bc3 Rd6 29. Rb1 Rdb6 30. Nd2 Qd6 31. Rxb6 Rxb6 32. Nf1 Bxc4 33. Bxf6 Bd3 34. Qa4 Bxf6 35. Qxa7 Ra6 36. Qb7 Rxa3 37. g4 Ra2 38. Qc8+ Kg7 39. Qb7+ Kh6 40. Qc6 Qe5 41. Qe6 Qb2 0-1

[Event "Ruhrgebiet Regionalliga 1617"]
[Site "Germany"]
[Date "2017.01.15"]
[Round "5.1"]
[White "Fuellgrabe, Thomas"]
[Black "Torres Kuckel, Rafael"]
[Result "1-0"]
[WhiteElo "2264"]
[BlackElo "2084"]
[PlyCount "71"]
[EventDate "2016.09.11"]
[EventType "team-tourn"]
[EventRounds "9"]
[EventCountry "GER"]
[SourceTitle "EXT 2022"]
[Source "ChessBase"]
[SourceDate "2021.10.06"]
[SourceVersion "1"]
[SourceVersionDate "2021.10.06"]
[SourceQuality "1"]
[WhiteTeam "Welper SV"]
[BlackTeam "Ahlen SV"]
[WhiteTeamCountry "GER"]
[BlackTeamCountry "GER"]

1. e4 e5 2. Nf3 Nc6 3. d4 exd4 4. Nxd4 Nf6 5. Nxc6 bxc6 6. e5 Qe7 7. Qe2 Nd5 8. c4 Nb6 9. Nc3 Bb7 10. Bf4 0-0-0 11. 0-0-0 f6 12. exf6 Qxf6 13. Qe3 Qf7 14. Qg3 d6 15. Be2 c5 16. Rhe1 Kb8 17. Bg4 Be7 18. Be6 Qf6 19. Nd5 Nxd5 20. Bxd5 Bxd5 21. Rxd5 h6 22. Bd2 Qf7 23. Qb3+ Ka8 24. Qa4 Qe8 25. Qa5 Qd7 26. Be3 Bf6 27. Bxc5 c6 28. Rxd6 Qb7 29. b3 Bg5+ 30. Kb1 Rxd6 31. Bxd6 Qd7 32. Qe5 Bf6 33. Qe6 Qb7 34. Be5 Bd8 35. Rd1 Bb6 36. f4 1-0

[Event "Unna op"]
[Site "Unna"]
[Date "2016.12.29"]
[Round "6"]
[White "Schulze Bergcamen, Stefan"]
[Black "Torres Kuckel, Rafael"]
[Result "1-0"]
[WhiteElo "1917"]
[BlackElo "2104"]
[PlyCount "91"]
[EventDate "2016.12.27"]
[EventType "swiss"]
[EventRounds "7"]
[EventCountry "GER"]
[SourceTitle "EXT 2018"]
[Source "ChessBase"]
[SourceDate "2017.10.13"]
[SourceVersion "1"]
[SourceVersionDate "2017.10.13"]
[SourceQuality "1"]

1. d4 Nf6 2. Nf3 g6 3. Nc3 d6 4. e4 Bg7 5. h3 0-0 6. Be3 a6 7. a4 b6 8. Qd2 Bb7 9. Bd3 Re8 10. 0-0 e5 11. d5 c6 12. dxc6 Bxc6 13. Bg5 Qc7 14. Rfe1 Nbd7 15. Ra3 Nc5 16. b4 Ne6 17. Bxf6 Bxf6 18. b5 axb5 19. Bxb5 Bg7 20. Rb1 Reb8 21. Bxc6 Qxc6 22. Nd5 Kh8 23. Rab3 Nc5 24. Rxb6 Rxb6 25. Rxb6 Qxa4 26. Nc3 Nxe4 27. Nxa4 Nxd2 28. Nxd2 Bh6 29. Ne4 Rxa4 30. Nxd6 Kg8 31. Kf1 Bf8 32. Rb8 f6 33. Rc8 Ra6 34. Ne4 Kf7 35. Ke2 Be7 36. Rc7 h6 37. f3 f5 38. Nc5 Ra5 39. Nb3 Rd5 40. c4 Rd8 41. Nc5 Kf6 42. Nb7 Ra8 43. Rc6+ Kf7 44. Nd6+ Kf8 45. Nc8 Ra2+ 46. Kf1 1-0

[Event "Unna op"]
[Site "Unna"]
[Date "2016.12.28"]
[Round "3"]
[White "Torres Kuckel, Rafael"]
[Black "Georg, Felix"]
[Result "1/2-1/2"]
[WhiteElo "2104"]
[BlackElo "1883"]
[PlyCount "64"]
[EventDate "2016.12.27"]
[EventType "swiss"]
[EventRounds "7"]
[EventCountry "GER"]
[SourceTitle "EXT 2018"]
[Source "ChessBase"]
[SourceDate "2017.10.13"]
[SourceVersion "1"]
[SourceVersionDate "2017.10.13"]
[SourceQuality "1"]

1. e4 c6 2. c4 d5 3. exd5 cxd5 4. cxd5 Nf6 5. Bb5+ Bd7 6. Bc4 Bf5 7. Nc3 Nbd7 8. Nf3 Qc7 9. d3 a6 10. a4 Nb6 11. Qb3 Nxc4 12. Qxc4 Rc8 13. Qxc7 Rxc7 14. Bf4 Rd7 15. Ne5 Rd8 16. Rc1 g5 17. Be3 Nxd5 18. Nxd5 Rxd5 19. d4 f6 20. Nf3 Kd7 21. 0-0 e6 22. Nd2 Bd3 23. Rfd1 b5 24. Nb3 Bc4 25. Nc5+ Bxc5 26. dxc5 bxa4 27. Rd4 Bb5 28. Rxd5+ exd5 29. Bd4 Re8 30. Bxf6 Re2 31. h3 h6 32. Rd1 Kc6 1/2-1/2

[Event "Unna op"]
[Site "Unna"]
[Date "2016.12.27"]
[Round "1"]
[White "Torres Kuckel, Rafael"]
[Black "Deinert, Wolfgang"]
[Result "1-0"]
[WhiteElo "2104"]
[BlackElo "1642"]
[PlyCount "97"]
[EventDate "2016.12.27"]
[EventType "swiss"]
[EventRounds "7"]
[EventCountry "GER"]
[SourceTitle "EXT 2018"]
[Source "ChessBase"]
[SourceDate "2017.10.13"]
[SourceVersion "1"]
[SourceVersionDate "2017.10.13"]
[SourceQuality "1"]

1. e4 c5 2. Nf3 d6 3. Bc4 e6 4. 0-0 Nc6 5. c3 Nf6 6. d3 Be7 7. Bb3 0-0 8. Nbd2 b5 9. Re1 Ne5 10. Bc2 Bb7 11. d4 cxd4 12. cxd4 Nc4 13. Nf1 Qc7 14. Bd3 Rfc8 15. Ng3 Rab8 16. Qe2 a6 17. Bg5 h6 18. Bf4 Nd7 19. Rad1 Qa5 20. Bb1 Qb4 21. b3 Ncb6 22. h3 Ra8 23. Bd2 Qa3 24. Qd3 e5 25. Nf5 Bf8 26. Bc1 Qb4 27. Bb2 Na4 28. Ba1 Nc3 29. Qd2 a5 30. Bxc3 Qxc3 31. Qe2 Ba6 32. Bd3 Qc6 33. Ne3 Nf6 34. Nd5 Nxd5 35. exd5 Qb6 36. Qe4 g6 37. dxe5 b4 38. Bxa6 Qxa6 39. e6 f5 40. Qf4 Bg7 41. Nd2 Kf8 42. Qg3 g5 43. Qf3 f4 44. Qh5 Ra7 45. h4 gxh4 46. Re4 Re7 47. Rxf4+ Kg8 48. Nc4 a4 49. Ne3 1-0

[Event "Ruhrgebiet Regionalliga 1617"]
[Site "Germany"]
[Date "2016.11.06"]
[Round "3.1"]
[White "Waldschmidt, Georg"]
[Black "Torres Kuckel, Rafael"]
[Result "1/2-1/2"]
[WhiteElo "2221"]
[BlackElo "2104"]
[PlyCount "65"]
[EventDate "2016.09.11"]
[EventType "team-tourn"]
[EventRounds "9"]
[EventCountry "GER"]
[SourceTitle "EXT 2022"]
[Source "ChessBase"]
[SourceDate "2021.10.06"]
[SourceVersion "1"]
[SourceVersionDate "2021.10.06"]
[SourceQuality "1"]
[WhiteTeam "Sodingen/Castrop SK"]
[BlackTeam "Ahlen SV"]
[WhiteTeamCountry "GER"]
[BlackTeamCountry "GER"]

1. e4 e5 2. Nf3 Nc6 3. Bb5 a6 4. Ba4 Nf6 5. 0-0 b5 6. Bb3 Bb7 7. c3 Be7 8. d4 d6 9. Re1 0-0 10. Nbd2 h6 11. Nf1 Re8 12. Ng3 Bf8 13. a4 Na5 14. Bc2 exd4 15. cxd4 c5 16. d5 Nc4 17. b3 Ne5 18. Nxe5 dxe5 19. axb5 axb5 20. Rxa8 Qxa8 21. Qf3 Qa6 22. Nf5 Bc8 23. Ne3 Bd7 24. Qe2 Rc8 25. Bb2 Bd6 26. Ra1 Qb7 27. Bd3 Ne8 28. Bc3 f6 29. Qa2 Be7 30. Qa6 Rb8 31. Qxb7 Rxb7 32. Kf1 Nd6 33. Ke2 1/2-1/2

[Event "Ruhrgebiet Regionalliga 1617"]
[Site "Germany"]
[Date "2016.10.02"]
[Round "2.1"]
[White "Torres Kuckel, Rafael"]
[Black "Mallee, Ralph"]
[Result "1-0"]
[WhiteElo "2096"]
[BlackElo "2103"]
[PlyCount "73"]
[EventDate "2016.09.11"]
[EventType "team-tourn"]
[EventRounds "9"]
[EventCountry "GER"]
[SourceTitle "EXT 2022"]
[Source "ChessBase"]
[SourceDate "2021.10.06"]
[SourceVersion "1"]
[SourceVersionDate "2021.10.06"]
[SourceQuality "1"]
[WhiteTeam "Ahlen SV"]
[BlackTeam "Dortmund SV"]
[WhiteTeamCountry "GER"]
[BlackTeamCountry "GER"]

1. e4 e5 2. Nf3 Nc6 3. Bc4 Nf6 4. d3 Be7 5. 0-0 0-0 6. Re1 d6 7. c3 Na5 8. Bb5 a6 9. Ba4 b5 10. Bc2 c5 11. h3 h6 12. Nbd2 Nh7 13. d4 cxd4 14. cxd4 Nc6 15. d5 Nb8 16. Nf1 a5 17. Ng3 Na6 18. Be3 Ng5 19. Nh2 Nh7 20. Bd3 b4 21. Rc1 Bg5 22. Bxg5 Nxg5 23. Bxa6 Rxa6 24. Ng4 Nh7 25. Qd3 Ra8 26. Qe3 Bd7 27. Rc2 Rc8 28. Rxc8 Bxc8 29. Rc1 Qg5 30. Rc6 Bxg4 31. Qxg5 hxg5 32. hxg4 Nf6 33. f3 Ra8 34. Nf5 Kf8 35. Nxd6 Nd7 36. Rc7 Ke7 37. Nc4 1-0

[Event "Dortmund Sparkassen op-A 44th"]
[Site "Dortmund"]
[Date "2016.07.13"]
[Round "5"]
[White "Korten, Lando"]
[Black "Torres Kuckel, Rafael"]
[Result "1-0"]
[WhiteElo "2000"]
[BlackElo "2191"]
[PlyCount "107"]
[EventDate "2016.07.09"]
[EventType "swiss"]
[EventRounds "9"]
[EventCountry "GER"]
[SourceTitle "CBM 173 Extra"]
[Source "ChessBase"]
[SourceDate "2016.08.29"]
[SourceVersion "1"]
[SourceVersionDate "2016.08.29"]
[SourceQuality "1"]

1. d4 Nf6 2. c4 e6 3. Nc3 Bb4 4. e3 b6 5. Nge2 c5 6. a3 Ba5 7. Bd2 0-0 8. Rb1 Bxc3 9. Nxc3 cxd4 10. exd4 Bb7 11. Bd3 d5 12. cxd5 exd5 13. 0-0 Ne4 14. Bf4 Nxc3 15. bxc3 Ba6 16. Bc2 Bxf1 17. Qxf1 Nc6 18. Qd3 g6 19. Qg3 Rc8 20. Bf5 Re8 21. Bxc8 Qxc8 22. h3 Na5 23. Rb5 Qc6 24. a4 a6 25. Rb4 Nc4 26. Kh2 f6 27. Bh6 Nd6 28. Rb3 Nc4 29. Rb4 Nd6 30. Rb3 Nf5 31. Qf4 Re4 32. Qb8+ Re8 33. Qxb6 Qxb6 34. Rxb6 Nxh6 35. Rxf6 Nf5 36. Rxa6 Rc8 37. g4 Ne7 38. Rb6 Rxc3 39. a5 Ra3 40. Ra6 Kf7 41. Kg2 Ra4 42. Kf3 Rxd4 43. Ra7 Ra4 44. Rb7 Ke6 45. Ke3 h6 46. f4 Ra3+ 47. Kd2 d4 48. h4 h5 49. f5+ gxf5 50. gxh5 Nc6 51. h6 Ne5 52. h7 Ra2+ 53. Kc1 d3 54. h8Q 1-0

[Event "Dortmund Sparkassen op-A 44th"]
[Site "Dortmund"]
[Date "2016.07.11"]
[Round "3"]
[White "Meyers, Mark"]
[Black "Torres Kuckel, Rafael"]
[Result "1/2-1/2"]
[WhiteElo "2074"]
[BlackElo "2191"]
[PlyCount "52"]
[EventDate "2016.07.09"]
[EventType "swiss"]
[EventRounds "9"]
[EventCountry "GER"]
[SourceTitle "CBM 173 Extra"]
[Source "ChessBase"]
[SourceDate "2016.08.29"]
[SourceVersion "1"]
[SourceVersionDate "2016.08.29"]
[SourceQuality "1"]

1. c4 e5 2. g3 Nf6 3. Nc3 d5 4. cxd5 Nxd5 5. Bg2 Nb6 6. Nf3 Nc6 7. d3 Be7 8. 0-0 0-0 9. a3 a5 10. Be3 Re8 11. Rc1 Bf8 12. Ne4 Nd4 13. Nxd4 exd4 14. Bg5 f6 15. Bd2 a4 16. Nc5 c6 17. Re1 Kh8 18. b4 axb3 19. Qxb3 Bxc5 20. Rxc5 Be6 21. Qb4 Ra4 22. Qb2 Ra7 23. Ba5 Na4 24. Bxd8 Nxb2 25. Ra5 Rxa5 26. Bxa5 Na4 1/2-1/2

[Event "Dortmund Sparkassen op-A 44th"]
[Site "Dortmund"]
[Date "2016.07.09"]
[Round "1"]
[White "Maniocha, Marek"]
[Black "Torres Kuckel, Rafael"]
[Result "0-1"]
[WhiteElo "1982"]
[BlackElo "2191"]
[PlyCount "52"]
[EventDate "2016.07.09"]
[EventType "swiss"]
[EventRounds "9"]
[EventCountry "GER"]
[SourceTitle "CBM 173 Extra"]
[Source "ChessBase"]
[SourceDate "2016.08.29"]
[SourceVersion "1"]
[SourceVersionDate "2016.08.29"]
[SourceQuality "1"]

1. e4 c5 2. Nf3 e6 3. d4 cxd4 4. Nxd4 a6 5. Be2 Nf6 6. Nc3 d6 7. 0-0 Qc7 8. Bf3 Nbd7 9. Re1 Be7 10. Bg5 Ne5 11. Be2 h6 12. Bh4 b5 13. a3 Bb7 14. Bg3 0-0 15. f4 Nc4 16. Bxc4 Qxc4 17. Qd3 Rfc8 18. Rad1 Nh5 19. f5 Nxg3 20. Qxg3 Bg5 21. Nf3 exf5 22. exf5 Qc5+ 23. Kh1 Qxf5 24. Nh4 Bxh4 25. Qxh4 Rc4 26. Rd4 g5 0-1

[Event "Ruhrgebiet Regionalliga 1516"]
[Site "Germany"]
[Date "2016.05.01"]
[Round "9.2"]
[White "Torres Kuckel, Rafael"]
[Black "Dewenter, Ulf"]
[Result "1/2-1/2"]
[WhiteElo "2125"]
[BlackElo "2110"]
[PlyCount "146"]
[EventDate "2015.09.13"]
[EventType "team-tourn"]
[EventRounds "9"]
[EventCountry "GER"]
[SourceTitle "EXT 2022"]
[Source "ChessBase"]
[SourceDate "2021.10.06"]
[SourceVersion "1"]
[SourceVersionDate "2021.10.06"]
[SourceQuality "1"]
[WhiteTeam "Ahlen SV"]
[BlackTeam "Borbeck Weisse Dame"]
[WhiteTeamCountry "GER"]
[BlackTeamCountry "GER"]

1. e4 e5 2. Nf3 Nc6 3. d4 exd4 4. Nxd4 Nf6 5. Nc3 Bb4 6. Nxc6 bxc6 7. Bd3 d6 8. Bd2 0-0 9. 0-0 Ng4 10. h3 Ne5 11. a3 Nxd3 12. cxd3 Bxc3 13. Bxc3 Qh4 14. Rc1 f5 15. Qe2 Bd7 16. f3 fxe4 17. dxe4 Rae8 18. Qe1 Qh6 19. Qd2 Qg6 20. Kh2 Qf7 21. Rce1 c5 22. b4 Bb5 23. Rg1 cxb4 24. axb4 h6 25. Rc1 a6 26. Rge1 Rc8 27. Kh1 Rfd8 28. Ba1 c6 29. f4 c5 30. bxc5 dxc5 31. Qf2 c4 32. Bc3 Bc6 33. f5 Rd3 34. Kg1 Re8 35. e5 Qd5 36. Kh2 a5 37. e6 Qd6+ 38. Kg1 Kh7 39. f6 Bxg2 40. Kxg2 Qd5+ 41. Kh2 Qd6+ 42. Be5 Rd2 43. Bxd6 Rxf2+ 44. Kg3 Rxf6 45. Rxc4 Rfxe6 46. Rxe6 Rxe6 47. Bc7 Re3+ 48. Kg2 Ra3 49. Be5 g5 50. Rc6 a4 51. Ra6 Re3 52. Bd4 Rd3 53. Rxa4 h5 54. Ra7+ Kg6 55. Ra6+ Kf5 56. Ra5+ Kg6 57. Ra6+ Kf5 58. Rf6+ Ke4 59. Bf2 h4 60. Rf7 Rb3 61. Rc7 Ra3 62. Rc2 Rb3 63. Be1 Rb5 64. Rc4+ Kf5 65. Kf3 Rb3+ 66. Bc3 Ra3 67. Rc5+ Kg6 68. Rc6+ Kh5 69. Ke2 Ra2+ 70. Bd2 Ra3 71. Be3 Ra2+ 72. Bd2 Ra3 73. Rc5 Rg3 1/2-1/2

[Event "Ruhrgebiet Regionalliga 1516"]
[Site "Germany"]
[Date "2016.04.10"]
[Round "8.2"]
[White "Schlange, Stefan"]
[Black "Torres Kuckel, Rafael"]
[Result "1/2-1/2"]
[WhiteElo "2095"]
[BlackElo "2125"]
[PlyCount "117"]
[EventDate "2015.09.13"]
[EventType "team-tourn"]
[EventRounds "9"]
[EventCountry "GER"]
[SourceTitle "EXT 2022"]
[Source "ChessBase"]
[SourceDate "2021.10.06"]
[SourceVersion "1"]
[SourceVersionDate "2021.10.06"]
[SourceQuality "1"]
[WhiteTeam "Wattenscheid SV II"]
[BlackTeam "Ahlen SV"]
[WhiteTeamCountry "GE2"]
[BlackTeamCountry "GER"]

1. e4 e5 2. Nc3 Nf6 3. f4 d5 4. fxe5 Nxe4 5. d3 Nxc3 6. bxc3 Be7 7. Nf3 c5 8. d4 Nc6 9. Bd3 0-0 10. 0-0 cxd4 11. cxd4 Nb4 12. Ba3 Nxd3 13. Bxe7 Qxe7 14. Qxd3 Be6 15. Rab1 Rac8 16. Rb3 b6 17. Ne1 f6 18. Qg3 fxe5 19. Qxe5 Rxf1+ 20. Kxf1 Qf6+ 21. Qxf6 gxf6 22. Ke2 Bf5 23. Kd2 Rc4 24. c3 Ra4 25. Rb2 Be4 26. g3 Kf7 27. Nd3 Ke6 28. Nc1 Kf5 29. Ke3 Rc4 30. Rf2+ Ke6 31. Ne2 Ke7 32. Rf1 b5 33. Kd2 Ra4 34. Ra1 a5 35. Kc1 b4 36. Kb2 bxc3+ 37. Kxc3 Ra3+ 38. Kd2 Rf3 39. Rc1 Rf2 40. Ke3 Rf3+ 41. Kd2 Rd3+ 42. Ke1 Re3 43. Rc3 Bd3 44. Kd2 Rxe2+ 45. Kxd3 Rxh2 46. Ra3 Rg2 47. Rxa5 Rxg3+ 48. Ke2 Ke6 49. Ra6+ Kf5 50. a4 h5 51. Rd6 Ke4 52. Rxf6 Kxd4 53. Rf4+ Kc3 54. Rf5 d4 55. Rc5+ Kb4 56. Rxh5 Kc4 57. a5 Rg2+ 58. Kd1 Ra2 59. Kc1 1/2-1/2

[Event "Ruhrgebiet Regionalliga 1516"]
[Site "Germany"]
[Date "2016.01.17"]
[Round "5.2"]
[White "Torres Kuckel, Rafael"]
[Black "Wittenberg, Andreas"]
[Result "1/2-1/2"]
[WhiteElo "2125"]
[BlackElo "2151"]
[PlyCount "44"]
[EventDate "2015.09.13"]
[EventType "team-tourn"]
[EventRounds "9"]
[EventCountry "GER"]
[SourceTitle "EXT 2022"]
[Source "ChessBase"]
[SourceDate "2021.10.06"]
[SourceVersion "1"]
[SourceVersionDate "2021.10.06"]
[SourceQuality "1"]
[WhiteTeam "Ahlen SV"]
[BlackTeam "Muelheim Nord III"]
[WhiteTeamCountry "GER"]
[BlackTeamCountry "GER"]

1. e4 e6 2. c4 d5 3. exd5 exd5 4. cxd5 Nf6 5. Nc3 Nxd5 6. d4 Bb4 7. Bd2 0-0 8. Nf3 c5 9. Be2 Nc6 10. dxc5 Nxc3 11. Bxc3 Bxc3+ 12. bxc3 Qa5 13. 0-0 Qxc5 14. Qb3 b6 15. Rfd1 Be6 16. Qb5 Qxb5 17. Bxb5 Na5 18. Nd4 Bd5 19. Nf5 Be6 20. Nd4 Bg4 21. f3 Bh5 22. Nb3 Rfc8 1/2-1/2

[Event "Unna op"]
[Site "Unna"]
[Date "2015.12.29"]
[Round "5"]
[White "Torres Kuckel, Rafael"]
[Black "Reininghaus, Dennis"]
[Result "1-0"]
[WhiteElo "2153"]
[BlackElo "1732"]
[PlyCount "35"]
[EventDate "2015.12.27"]
[EventType "swiss"]
[EventRounds "7"]
[EventCountry "GER"]
[SourceTitle "EXT 2018"]
[Source "ChessBase"]
[SourceDate "2017.10.13"]
[SourceVersion "1"]
[SourceVersionDate "2017.10.13"]
[SourceQuality "1"]

1. e4 c5 2. Nf3 e6 3. d4 cxd4 4. Nxd4 Qb6 5. Nb3 Qc7 6. Nc3 a6 7. Bd3 Nf6 8. 0-0 Be7 9. f4 d6 10. Qe2 Nbd7 11. Bd2 0-0 12. Rae1 e5 13. g4 Nb6 14. g5 Ne8 15. f5 Qd8 16. Qh5 Nd7 17. Nd5 b5 18. Ba5 1-0

[Event "Unna op"]
[Site "Unna"]
[Date "2015.12.28"]
[Round "3"]
[White "Grube, Joerg"]
[Black "Torres Kuckel, Rafael"]
[Result "1/2-1/2"]
[WhiteElo "1880"]
[BlackElo "2153"]
[PlyCount "38"]
[EventDate "2015.12.27"]
[EventType "swiss"]
[EventRounds "7"]
[EventCountry "GER"]
[SourceTitle "EXT 2018"]
[Source "ChessBase"]
[SourceDate "2017.10.13"]
[SourceVersion "1"]
[SourceVersionDate "2017.10.13"]
[SourceQuality "1"]

1. e4 c5 2. Nf3 e6 3. d4 cxd4 4. Nxd4 a6 5. Bd3 Qb6 6. Nb3 Qc7 7. Nc3 Nf6 8. 0-0 d6 9. a4 b6 10. f4 Be7 11. g4 Bb7 12. g5 Nfd7 13. f5 Ne5 14. fxe6 fxe6 15. Nd4 Qd7 16. Qh5+ g6 17. Qh3 Bc8 18. Be3 Nbc6 19. Rf2 Nxd3 1/2-1/2

[Event "Unna op"]
[Site "Unna"]
[Date "2015.12.28"]
[Round "4"]
[White "Torres Kuckel, Rafael"]
[Black "Hellwig, Thomas"]
[Result "0-1"]
[WhiteElo "2153"]
[BlackElo "1830"]
[PlyCount "76"]
[EventDate "2015.12.27"]
[EventType "swiss"]
[EventRounds "7"]
[EventCountry "GER"]
[SourceTitle "EXT 2018"]
[Source "ChessBase"]
[SourceDate "2017.10.13"]
[SourceVersion "1"]
[SourceVersionDate "2017.10.13"]
[SourceQuality "1"]

1. e4 c5 2. Nf3 d6 3. c3 Nf6 4. Bd3 e5 5. Bc2 Bg4 6. d3 Be7 7. Nbd2 0-0 8. h3 Bh5 9. Nf1 Nc6 10. Ng3 Bg6 11. 0-0 d5 12. Qe2 d4 13. Nf5 Re8 14. N3h4 Bf8 15. Bg5 h6 16. Bd2 Bh7 17. Kh1 g5 18. Nf3 Bxf5 19. exf5 Qd7 20. g4 Rad8 21. cxd4 exd4 22. Qd1 b5 23. Bb3 Qb7 24. Kg1 Ne5 25. Nxe5 Rxe5 26. f4 Ree8 27. fxg5 hxg5 28. Bxg5 Qb6 29. Qd2 c4 30. Bd1 Re3 31. dxc4 Ne4 32. Bxd8 Qxd8 33. Qc2 d3 34. Qh2 Bd6 35. Qg2 Rg3 36. cxb5 Qh4 37. Bf3 Rxg2+ 38. Bxg2 Bc5+ 0-1